000
00220nam a2200097Ia 4500
008
230907s9999||||xx |||||||||||||| ||und||
082
_a
621.319
_b
SMA
245
0
_a
Smart grid :
300
_a
xix, 424 pages ;
942
_c
BK
999
_c
600845
_d
600845